Vĩnh biệt tiểu thư Tập truyện
v.v...
Đã lưu trong:
| Tác giả chính: | |
|---|---|
| Định dạng: | Sách |
| Năm xuất bản: |
Tp. Hồ Chí Minh
Nxb Trẻ
1998
|
| Chủ đề: | |
| Tags: |
Thêm thẻ
Không có thẻ, Hãy là người đầu tiên gắn thẻ bản ghi này!
|
| LEADER | 00725nam a2200181 4500 | ||
|---|---|---|---|
| 082 | |a 895.922334 |b NG527Th | ||
| 100 | |a Nguyễn Thị Thanh Bình | ||
| 245 | |a Vĩnh biệt tiểu thư |c Nguyễn Thị Thanh Bình |b Tập truyện | ||
| 260 | |a Tp. Hồ Chí Minh |b Nxb Trẻ |c 1998 | ||
| 300 | |a 595 tr. |c 18 cm. | ||
| 500 | |a Nội dung: Tiểu vũ trụ, Lạnh chỗ trái tim, Đạo học... Vĩnh biệt tiểu thư... | ||
| 520 | |a v.v... | ||
| 653 | |a Văn học hiện đại | ||
| 653 | |a Việt Nam | ||
| 653 | |a Truyện ngắn | ||
| 942 | |2 ddc |c SH | ||
| 999 | |c 1782 |d 1782 | ||
| 952 | |0 0 |1 0 |2 ddc |4 0 |6 895_922334000000000_NG527TH |7 0 |8 800 |9 28547 |a qbu |b qbu |c D5 |d 2014-12-10 |g 15000 |o 895.922334 NG527Th |p 1171.c1 |r 2015-10-27 |w 2014-12-10 |y SH | ||